000 00508pam a2200157a 44500
008 230515b2000 xxu||||| |||| 00| 0 eng d
020 _a81-87078-26-X
041 _aENGL
082 _a614 ANT.
100 _a"ANTIA N. H.,DUTTA G. P.,KASBEKAR A. B."
245 _aHEALTH AND MEDICAL CARE:A PEOPLES MOVEMENT
250 _a0
260 _aPUNE
_bFOUNDATION FOR RESEARCH IN COMMUNITY HEALTH
_c2000
300 _aXI+174
650 _a"PUBLIC HEALTH,HEALTH AND MEDICAL,PEOPLE AND HEALTH,MEDICAL CARE AND PEOPLE"
999 _c533484
_d533484